Paper FI Accountant In Business,: For Exams In December2008 And June 2009, (Record no. 4832)

MARC details
005 - DATE AND TIME OF LATEST TRANSACTION
control field 20250624111636.0
020 ## - INTERNATIONAL STANDARD BOOK NUMBER
International Standard Book Number 978-0-7517-4720-1
082 ## - DEWEY DECIMAL CLASSIFICATION NUMBER
Classification number 658.1511ACC.
100 ## - MAIN ENTRY--PERSONAL NAME
Author name ACCA FI,
245 ## - TITLE STATEMENT
Title Paper FI Accountant In Business,: For Exams In December2008 And June 2009,
260 ## - PUBLICATION, DISTRIBUTION, ETC.
Place of publication, distribution, etc. London,
Name of publisher, distributor, etc. Acca Materials From BPP Learning Media,
Date of publication, distribution, etc. 2007.
300 ## - PHYSICAL DESCRIPTION
Extent ix,427p,; illtable,figure,picture,
Other physical details Index,
Dimensions 30cm.
942 ## - ADDED ENTRY ELEMENTS (KOHA)
Source of classification or shelving scheme Dewey Decimal Classification
Koha item type Books

No items available.